[Event "Valera FVA 82nd Anniv"]
[Site "Valera"]
[Date "2017.12.14"]
[Round "4"]
[White "Alcala Vitora, Wilfredo Enrique"]
[Black "Colmenares Olivares, Cesar Eduardo"]
[Result "1-0"]
[WhiteElo "2023"]
[BlackElo "1741"]
[PlyCount "63"]
[EventDate "2017.12.13"]
[EventType "swiss"]
[EventRounds "7"]
[EventCountry "VEN"]
[SourceTitle "CBM 182 Extra"]
[Source "ChessBase"]
[SourceDate "2018.02.23"]
[SourceVersion "1"]
[SourceVersionDate "2018.02.23"]
[SourceQuality "1"]

1. d4 d5 2. c4 e6 3. Nc3 Nf6 4. cxd5 exd5 5. Bg5 Be7 6. Qc2 h6 7. Bh4 0-0 8. e3 b6 9. Bd3 Bb7 10. Nge2 Nbd7 11. 0-0 Ne4 12. Bxe7 Qxe7 13. Nf4 Nxc3 14. Qxc3 c5 15. Bf5 c4 16. e4 dxe4 17. Qxc4 e3 18. Qc7 Bc8 19. Nd5 exf2+ 20. Rxf2 Qg5 21. h4 Qd8 22. Qd6 Nf6 23. Ne7+ Kh8 24. Qxd8 Rxd8 25. Nxc8 Raxc8 26. Bxc8 Rxc8 27. Rd1 Rd8 28. d5 Kg8 29. Rc2 Rxd5 30. Rxd5 Nxd5 31. Rc8+ Kh7 32. Rd8 1-0

[Event "Caracas Bandes Cup 1st"]
[Site "Caracas"]
[Date "2014.03.04"]
[Round "7"]
[White "Alcala Vitora, Wilfredo Enrique"]
[Black "Perez Hernandez, Raul Felix"]
[Result "0-1"]
[WhiteElo "2034"]
[BlackElo "2140"]
[PlyCount "66"]
[EventDate "2014.03.01"]
[EventType "swiss"]
[EventRounds "7"]
[EventCountry "VEN"]
[SourceTitle "EXT 2018"]
[Source "ChessBase"]
[SourceDate "2017.10.13"]
[SourceVersion "1"]
[SourceVersionDate "2017.10.13"]
[SourceQuality "1"]

1. d4 Nf6 2. c4 c5 3. e3 g6 4. Nc3 b6 5. Bd3 Bg7 6. Nf3 0-0 7. 0-0 d6 8. Ng5 Bb7 9. d5 h6 10. Nf3 Na6 11. e4 Nc7 12. Ne1 a6 13. f4 b5 14. Nf3 bxc4 15. Bxc4 Nb5 16. Rb1 Rb8 17. Qd3 Bc8 18. Bd2 Qc7 19. a4 Nd4 20. Bxa6 Nxf3+ 21. gxf3 Bxa6 22. Qxa6 Rb6 23. Qe2 Qd7 24. Nb5 Rfb8 25. Be3 R6b7 26. Rfc1 Ne8 27. b4 cxb4 28. Rxb4 Nc7 29. Rc6 f5 30. Qg2 Kh7 31. Rcc4 Nxb5 32. axb5 Rxb5 33. Rxb5 Qxb5 0-1

[Event "Barquisimeto Expertos & Maestros LARA 2"]
[Site "Barquisimeto"]
[Date "2013.06.16"]
[Round "6.2"]
[White "Marquez Pereira, Juan Eduardo"]
[Black "Alcala Vitora, Wilfredo Enrique"]
[Result "0-1"]
[WhiteElo "1767"]
[BlackElo "2014"]
[PlyCount "29"]
[EventDate "2013.06.14"]
[EventType "swiss"]
[EventRounds "6"]
[EventCountry "VEN"]
[SourceTitle "EXT 2022"]
[Source "ChessBase"]
[SourceDate "2021.10.06"]
[SourceVersion "1"]
[SourceVersionDate "2021.10.06"]
[SourceQuality "1"]

1. e4 e5 2. Nf3 Nc6 3. Bb5 a6 4. Ba4 Nf6 5. 0-0 Nxe4 6. d4 exd4 7. Re1 d5 8. Bxc6+ bxc6 9. Nxd4 Bd6 10. Nc3 0-0 11. Nxe4 dxe4 12. Be3 Qh4 13. g3 Qh3 14. Bf4 Bg4 15. Qc1 0-1

[Event "Barquisimeto Expertos & Maestros LARA 2"]
[Site "Barquisimeto"]
[Date "2013.06.14"]
[Round "1.3"]
[White "Alcala Vitora, Wilfredo Enrique"]
[Black "Perez Carvajal, Ernesto Geosva"]
[Result "1-0"]
[WhiteElo "2014"]
[BlackElo "1596"]
[PlyCount "47"]
[EventDate "2013.06.14"]
[EventType "swiss"]
[EventRounds "6"]
[EventCountry "VEN"]
[SourceTitle "EXT 2022"]
[Source "ChessBase"]
[SourceDate "2021.10.06"]
[SourceVersion "1"]
[SourceVersionDate "2021.10.06"]
[SourceQuality "1"]

1. e4 c5 2. Nf3 e6 3. Nc3 Nc6 4. Bc4 Nge7 5. Bb3 g6 6. d4 cxd4 7. Nxd4 a6 8. Be3 Bg7 9. Qd2 0-0 10. 0-0-0 b5 11. h4 Bb7 12. f3 Qc7 13. h5 d5 14. hxg6 hxg6 15. Nxc6 Bxc6 16. Bh6 dxe4 17. Bxg7 Kxg7 18. Qh6+ Kf6 19. fxe4 Ng8 20. Rhf1+ Ke7 21. Qh4+ Ke8 22. Rd2 Rc8 23. Rdf2 Rd8 24. Bxe6 1-0

[Event "Valera op 31th"]
[Site "Valera"]
[Date "2012.11.09"]
[Round "3"]
[White "Toro Morales, Javier Jose"]
[Black "Alcala Vitora, Wilfredo Enrique"]
[Result "1-0"]
[WhiteElo "1950"]
[BlackElo "2068"]
[PlyCount "119"]
[EventDate "2012.11.08"]
[EventType "swiss"]
[EventRounds "7"]
[EventCountry "VEN"]
[SourceTitle "EXT 2022"]
[Source "ChessBase"]
[SourceDate "2021.10.06"]
[SourceVersion "1"]
[SourceVersionDate "2021.10.06"]
[SourceQuality "1"]

1. e4 c5 2. Nf3 a6 3. d4 cxd4 4. Nxd4 Nf6 5. Nc3 e5 6. Nf3 Bb4 7. Bd2 Nc6 8. Bd3 d5 9. exd5 Nxd5 10. Be4 Nxc3 11. bxc3 Bd6 12. 0-0 Bg4 13. Qe1 0-0 14. Bg5 Qc7 15. h3 Be6 16. Qd2 f6 17. Bd5 Bxd5 18. Qxd5+ Kh8 19. Be3 Ne7 20. Qb3 Rac8 21. Rad1 Nf5 22. Bd2 Bc5 23. Rb1 b6 24. Rfe1 Rfe8 25. Qa4 Qb7 26. Qg4 Nd6 27. Nh4 Red8 28. Be3 Bxe3 29. Rxe3 Rc4 30. Qg3 g5 31. Qf3 Qxf3 32. Nxf3 Nb5 33. Rb3 Kg7 34. Kf1 Rdc8 35. Nd2 Rxc3 36. a4 Rxb3 37. cxb3 Nd4 38. f3 Rc1+ 39. Kf2 Rc2 40. Ke1 Kf7 41. Kd1 Ke6 42. Rd3 Ra2 43. Ke1 f5 44. g3 e4 45. Rxd4 e3 46. Nc4 Rf2 47. Rd6+ Ke7 48. Rxb6 Rxf3 49. Ke2 Rxg3 50. Nxe3 Rxh3 51. Nxf5+ Kd7 52. b4 Rb3 53. Nh6 Kc7 54. a5 Rh3 55. Rxa6 Rh4 56. Rb6 g4 57. Kf2 Rh3 58. Nxg4 h5 59. Nf6 Rd3 60. Nxh5 1-0

[Event "Barquisimeto-ch Fundela"]
[Site "Barquisimeto"]
[Date "2012.05.29"]
[Round "3"]
[White "Moreno Hernandez, Juan Jose"]
[Black "Alcala Vitora, Wilfredo Enrique"]
[Result "1-0"]
[WhiteElo "1970"]
[BlackElo "2030"]
[PlyCount "77"]
[EventDate "2012.05.27"]
[EventType "swiss"]
[EventRounds "7"]
[EventCountry "VEN"]
[SourceTitle "EXT 2022"]
[Source "ChessBase"]
[SourceDate "2021.10.06"]
[SourceVersion "1"]
[SourceVersionDate "2021.10.06"]
[SourceQuality "1"]

1. e4 e5 2. Nf3 Nc6 3. Bb5 a6 4. Ba4 Nf6 5. 0-0 Nxe4 6. d4 b5 7. Bb3 d5 8. dxe5 Be6 9. Nbd2 Nc5 10. c3 d4 11. cxd4 Nxd4 12. Nxd4 Qxd4 13. Bxe6 Nxe6 14. Qf3 Rd8 15. Qc6+ Qd7 16. Qxa6 Qd5 17. Qa5 Nd4 18. Nb3 Nc2 19. Rb1 Qxe5 20. Qc3 Qxc3 21. bxc3 f6 22. Rb2 Na3 23. Nd4 Rd5 24. Ne6 Kd7 25. Nf4 Re5 26. Rd2+ Kc8 27. Rfd1 Be7 28. Bxa3 Bxa3 29. g3 Rhe8 30. Kg2 Re1 31. Kf3 Bc1 32. Rxe1 Rxe1 33. Re2 Rxe2 34. Nxe2 Bd2 35. Ke4 Kd7 36. Kd3 Be1 37. f3 Kd6 38. Nd4 c6 39. Nf5+ 1-0

[Event "Barquisimeto op"]
[Site "Barquisimeto"]
[Date "2012.05.24"]
[Round "2"]
[White "Alcala Vitora, Wilfredo Enrique"]
[Black "Rojas Barrero, Andres Humberto"]
[Result "0-1"]
[WhiteElo "2030"]
[BlackElo "2216"]
[PlyCount "62"]
[EventDate "2012.05.23"]
[EventType "swiss"]
[EventRounds "7"]
[EventCountry "VEN"]
[SourceTitle "CBM 148 Extra"]
[Source "ChessBase"]
[SourceDate "2012.06.22"]
[SourceVersion "1"]
[SourceVersionDate "2012.06.22"]
[SourceQuality "1"]

1. d4 d5 2. c4 e6 3. Nc3 Nf6 4. cxd5 exd5 5. Bg5 Nbd7 6. e3 Be7 7. Bd3 0-0 8. Nge2 Re8 9. 0-0 b6 10. Rc1 Bb7 11. Ng3 g6 12. f4 Rc8 13. f5 c5 14. fxg6 fxg6 15. Qc2 Kg7 16. Qf2 Rf8 17. Qf4 Ng8 18. Bxe7 Qxe7 19. Qg4 Nh6 20. Qe2 Nf6 21. Rf3 cxd4 22. exd4 Qb4 23. Kh1 Qxd4 24. Rd1 Rcd8 25. Qc2 Qh4 26. Nce2 Nhg4 27. h3 d4 28. Nxd4 Kh8 29. Be4 Nxe4 30. Rxf8+ Rxf8 31. Nxe4 Bxe4 0-1